[Event "WR Chess Masters Cup 2024"]
[Site "London"]
[Date "2024.10.15"]
[Round "2.2"]
[White "Abdusattorov, Nodirbek"]
[Black "Vachier-Lagrave, Maxime"]
[Result "1/2-1/2"]
[WhiteElo "2783"]
[BlackElo "2735"]
[Annotator "TA"]
[PlyCount "60"]
[EventDate "2024.10.12"]
[EventType "k.o."]
[EventCountry "ENG"]
[SourceTitle "playchess.com"]
[Source "ChessBase"]
[SourceQuality "1"]
[TimeControl "30/3600:20/1800:1800"]

{[%evp 9,60,16,35,28,40,18,10,9,10,19,35,52,58,58,55,41,68,61,51,50,60,43,66,45,44,0,0,0,0,-6,0,-4,0,0,0,0,0,-28,-29,-43,0,0,0,0,0,0,0,0,0,0,0,0,0]} 1. d4 {[%emt 0:00:05]} Nf6 {[%emt 0:00:03][%cal Bg8f6,Bf6d5,Bd5b4,Bb4d3][%mdl 32]} 2. c4 {[%emt 0:00:08]} g6 {[%emt 0:00:03]} 3. Nc3 {[%emt 0:00:10]} d5 {[%emt 0:00:02]} 4. cxd5 {[%emt 0:00:08]} Nxd5 {[%emt 0:00:04]} 5. Bd2 {[%emt 0:00:07]} c5 {[%emt 0:02:33]} 6. dxc5 {[%emt 0:01:48]} Bg7 {[%emt 0:01:50]} 7. Qc1 {[%emt 0:00:13]} O-O {[%emt 0:03:43]} 8. e4 {[%emt 0:04:39] Prevents Bf5.} Nb4 {[%emt 0:03:16]} 9. a3 {[%emt 0:00:17]} Nd3+ {[%emt 0:00:04]} 10. Bxd3 {[%emt 0:00:07]} Qxd3 {[%emt 0:00:01]} 11. Nge2 $1 {[%emt 0:00:18]} Nd7 {[%emt 0:05:04]} 12. Be3 {[%emt 0:03:35]} Qc4 {[%emt 0:06:02]} 13. O-O {[%emt 0:01:17]} Nxc5 {[%emt 0:00:03] [#] ...Nb3 would now be deadly.} 14. Nd5 {[%emt 0:00:14]} Qxe2 {[%emt 0:00:05]} 15. Qxc5 {[%emt 0:04:22]} (15. Nxe7+ Kh8 16. Bxc5 (16. Qxc5 b6 $11) 16... Be6) 15... b6 {[%emt 0:01:13]} 16. Qxe7 {[%emt 0:08:55]} Qxb2 {[%emt 0:02:38][%cal Oc8e6]} 17. Bf4 {[%emt 0:00:48] [#] And now Rfb1 would win.} Be6 $1 {[%emt 0:03:25][%cal Oe6d5]} 18. Rab1 {[%emt 0:05:12]} Qd4 {[%emt 0:05:33][%csl LRd5,LRe4]} 19. Rb4 $132 {[%emt 0:02:02][%mdl 2048] White is not keeping still} Qd3 {[%emt 0:00:06]} 20. Nc7 {[%emt 0:09:17]} Bc4 {[%emt 0:01:08]} 21. Rxc4 $1 {[%emt 0:00:20]} ({Of course not} 21. Rc1 Rad8 22. h3 (22. Rbxc4 $2 Qd1+ 23. Rxd1 Rxd1#) 22... b5 $17 (22... Qxa3 23. Rcxc4 a5 24. Be5 $11)) 21... Qxc4 {[%emt 0:00:05]} 22. Nxa8 {[%emt 0:00:07]} Rxa8 {[%emt 0:00:03]} 23. Rd1 {[%emt 0:02:03]} Bf8 {[%emt 0:03:21]} 24. Qf6 {[%emt 0:03:57] White threatens Be5 and mate.} Qb3 {[%emt 0:01:25]} (24... Qxe4 $2 {loses.} 25. Be5 $18) 25. Rf1 {[%emt 0:01:06] White wants to mate with Be5. The position is equal.} Qe6 {[%emt 0:04:53]} ({Not} 25... Qxa3 26. Be5 h6 27. Qh8#) 26. Qxe6 {[%emt 0:00:01]} fxe6 {[%emt 0:00:00]} 27. a4 {[%emt 0:00:00]} Rc8 {[%emt 0:00:00]} 28. Rc1 {[%emt 0:00:00] Wards off Rc4} Rxc1+ {[%emt 0:00:00]} 29. Bxc1 {[%emt 0:00:00]} a6 {[%emt 0:00:00]} 30. Kf1 {[%emt 0:00:00]} Kf7 {[%emt 0:00:00] Weighted Error Value: White=0.06 (flawless) /Black=0.05 (flawless) .  Inaccurate:     	White=2     	Black=2      OK:         	White=11    	Black=10     Best:        	White=2     	Black=1      Strong:       	White=2     	Black=1} 1/2-1/2

[Event "WR Chess Masters Cup 2024"]
[Site "London"]
[Date "2024.10.15"]
[Round "2.2"]
[White "Firouzja, Alireza"]
[Black "Sadhwani, Raunak"]
[Result "1/2-1/2"]
[WhiteElo "2767"]
[BlackElo "2659"]
[Annotator "TA"]
[PlyCount "42"]
[EventDate "2024.10.12"]
[EventType "k.o."]
[EventCountry "ENG"]
[SourceTitle "playchess.com"]
[Source "ChessBase"]
[SourceQuality "1"]
[TimeControl "30/3600:20/1800:1800"]

{[%evp 11,42,15,25,21,23,0,37,35,41,46,42,35,42,31,37,45,56,50,43,43,51,37,43,43,40,34,57,0,39,0,57,0,45]} 1. d4 {[%emt 0:00:02]} Nf6 {[%emt 0:00:07]} 2. c4 {[%emt 0:00:05]} e6 {[%emt 0:00:04]} 3. Nf3 {[%emt 0:00:05]} d5 {[%emt 0:00:08]} 4. Nc3 {[%emt 0:00:07]} c5 {[%emt 0:00:13]} 5. cxd5 {[%emt 0:00:46]} cxd4 {[%emt 0:00:07]} 6. Qxd4 {[%emt 0:00:11]} exd5 {[%emt 0:00:07]} 7. e4 {[%emt 0:02:00]} dxe4 {[%emt 0:00:12]} 8. Qxd8+ {[%emt 0:00:07]} Kxd8 {[%emt 0:00:03]} 9. Ng5 {[%emt 0:00:09][%csl LRe4,LRf7] Weiß steht etwas besser.} Be6 {[%emt 0:00:05]} 10. Nxe6+ {[%emt 0:01:24]} fxe6 {[%emt 0:00:07]} 11. Bg5 {[%emt 0:00:31]} Nc6 {[%emt 0:04:03]} 12. O-O-O+ {[%emt 0:01:37]} Kc7 {[%emt 0:08:48]} 13. Bc4 {[%emt 0:03:45]} Re8 {[%emt 0:02:16]} 14. Rhe1 {[%emt 0:01:48][%cal Og5f6]} Bb4 {[%emt 0:03:19]} 15. Bxf6 {[%emt 0:00:09]} gxf6 {[%emt 0:00:10]} 16. Rxe4 {[%emt 0:00:05]} Bxc3 {[%emt 0:00:45]} 17. bxc3 {[%emt 0:00:05]} Nd8 {[%emt 0:00:44]} 18. Rde1 {[%emt 0:07:39]} Kd6 {[%emt 0:01:19]} 19. Rd1+ {[%emt 0:00:08]} Kc7 {[%emt 0:00:06]} 20. Rde1 {[%emt 0:00:03]} Kd6 {[%emt 0:00:04]} 21. Rd1+ {[%emt 0:00:03]} Kc7 {[%emt 0:00:03] Gewichteter Fehlerwert: Weiß=0.10 (sehr präzise) /Schwarz=0.03 (makellos) .  Ungenau:       	---       	Schwarz=1     OK:         	Weiß=8     	Schwarz=6     Bester:       	---       	Schwarz=2} 1/2-1/2

[Event "WR Chess Masters Cup 2024"]
[Site "London"]
[Date "2024.10.15"]
[Round "2.2"]
[White "Anand, Viswanathan"]
[Black "Praggnanandhaa R"]
[Result "1/2-1/2"]
[WhiteElo "2751"]
[BlackElo "2746"]
[Annotator "TA"]
[PlyCount "96"]
[EventDate "2024.10.12"]
[EventType "k.o."]
[EventCountry "ENG"]
[SourceTitle "playchess.com"]
[Source "ChessBase"]
[SourceQuality "1"]
[TimeControl "30/3600:20/1800:1800"]

{[%evp 9,96,4,9,10,14,6,16,21,27,0,8,6,8,10,10,10,0,4,4,6,6,3,25,4,15,0,15,0,0,0,0,-1,-7,0,0,0,0,-28,-19,-31,-23,-31,-32,-32,0,-16,-8,-14,-12,-29,-18,-21,-24,-91,-74,-62,-67,-64,-63,-141,-134,-164,-150,-132,-121,-125,-122,-126,-111,-128,-110,-129,-125,-123,-112,-129,-127,-104,-116,-120,-88,-80,0,-110,0,-97,0,-64,0]} 1. e4 {[%emt 0:00:03]} e6 {[%emt 0:01:02]} 2. d4 {[%emt 0:00:19]} d5 {[%emt 0:00:04]} 3. exd5 {[%emt 0:00:09]} exd5 {[%emt 0:00:27]} 4. Nf3 {[%emt 0:00:14]} Nc6 {[%emt 0:00:11]} 5. Bd3 {[%emt 0:00:42]} Nb4 {[%emt 0:03:06]} 6. Bb5+ {[%emt 0:05:22]} c6 {[%emt 0:00:19]} 7. Ba4 {[%emt 0:00:14]} a5 {[%emt 0:02:47]} 8. a3 {[%emt 0:02:44] The position is equal.} Na6 {[%emt 0:01:34]} 9. c3 {[%emt 0:00:55]} Bd6 {[%emt 0:01:34]} 10. O-O {[%emt 0:00:18]} Ne7 {[%emt 0:00:57]} 11. Bc2 {[%emt 0:01:17]} Bf5 {[%emt 0:06:44]} 12. Bxf5 {[%emt 0:02:18]} Nxf5 {[%emt 0:00:09]} 13. Re1+ {[%emt 0:00:15]} Ne7 {[%emt 0:00:27]} 14. b3 {[%emt 0:02:25]} O-O {[%emt 0:08:07]} 15. c4 {[%emt 0:00:14]} h6 {[%emt 0:04:00]} 16. Nc3 {[%emt 0:00:28]} Ng6 {[%emt 0:05:37]} 17. Qd3 {[%emt 0:07:14]} Nc7 {[%emt 0:01:11]} 18. g3 {[%emt 0:01:06]} Re8 {[%emt 0:01:10]} 19. Bd2 {[%emt 0:04:24]} Rxe1+ {[%emt 0:02:01]} 20. Bxe1 {[%emt 0:00:13]} Be7 {[%emt 0:03:36]} 21. Bd2 {[%emt 0:03:07]} Bf6 {[%emt 0:01:14]} 22. Re1 {[%emt 0:01:35]} Nf8 {[%emt 0:02:51]} 23. Ne2 {[%emt 0:03:43]} Nfe6 {[%emt 0:02:27]} 24. c5 {[%emt 0:00:11]} a4 {[%emt 0:03:38]} 25. b4 {[%emt 0:00:00]} Nb5 {[%emt 0:00:00]} 26. Bc1 {[%emt 0:00:00]} b6 {[%emt 0:00:00]} 27. Be3 {[%emt 0:00:00]} bxc5 {[%emt 0:00:00]} 28. bxc5 {[%emt 0:00:00]} Ng5 {[%emt 0:00:00]} 29. Nxg5 {[%emt 0:00:00]} Bxg5 {[%emt 0:00:00]} 30. Bxg5 {[%emt 0:00:00]} hxg5 {[%emt 0:00:00]} 31. Rb1 {[%emt 0:30:00]} (31. Nc3 $1 $11 {keeps the balance.} Nxa3 32. Ra1) 31... Qe8 {[%emt 0:30:00][%cal Ob5a3] Threatens to win with ...Nxa3!} 32. Rb2 {[%emt 0:00:00]} g6 {[%emt 0:00:00]} 33. Kg2 {[%emt 0:00:00]} Kg7 {[%emt 0:00:00]} 34. Ra2 {[%emt 0:00:00]} (34. h3 $15) 34... Qe6 $17 {[%emt 0:00:00]} 35. Nc3 {[%emt 0:00:00]} Nxc3 {[%emt 0:00:00]} 36. Qxc3 $19 {[%emt 0:00:00][%mdl 4096] Endgame. KQR-KQR} Qe4+ {[%emt 0:00:00]} 37. f3 {[%emt 0:00:00]} Qb1 {[%emt 0:00:00]} 38. Re2 {[%emt 0:00:00]} Rb8 {[%emt 0:00:00] Hoping for ...Rb3.} 39. Qd2 {[%emt 0:00:00] [#]} Qf5 $1 {[%emt 0:00:00]} 40. Re5 {[%emt 0:00:00] [#]} Qf6 {[%emt 0:00:00]} 41. Rxg5 {[%emt 0:00:00]} Rb3 {[%emt 0:00:00][%csl LRa3,LRf3]} 42. f4 {[%emt 0:00:00]} Rxa3 {[%emt 0:00:00]} 43. Re5 {[%emt 0:00:00]} Rb3 {[%emt 0:00:00]} 44. Qa2 {[%emt 0:00:00]} Rb4 {[%emt 0:00:00]} 45. Qd2 {[%emt 0:00:00]} Rb3 {[%emt 0:00:00]} 46. Qa2 $1 {[%emt 0:00:00]} Rb4 {[%emt 0:00:00]} 47. Qd2 $1 {[%emt 0:00:00]} Rc4 {[%emt 0:00:00]} ({Black should try} 47... Rb5 $17 {Strongly threatening ...Qd8.} 48. Qa2 Rb4) 48. Qd3 {[%emt 0:00:00]} ({Better is} 48. Qb2 $11) 48... Rb4 {[%emt 0:00:00] Weighted Error Value: White=0.10 (very precise) /Black=0.12 (very precise) .  Mistake:       	White=3     	Black=2      Inaccurate:     	White=1     	Black=1      OK:         	White=16    	Black=15     Best:        	White=4     	Black=4      Strong:       	White=2     	Black=1} (48... Qd8 $1 $15 49. Qe2 a3 (49... Rxd4 50. Qb2 $11)) 1/2-1/2

[Event "WR Chess Masters Cup 2024"]
[Site "London"]
[Date "2024.10.15"]
[Round "2.3"]
[White "Praggnanandhaa R"]
[Black "Anand, Viswanathan"]
[Result "1-0"]
[WhiteElo "2746"]
[BlackElo "2751"]
[Annotator "TA"]
[PlyCount "51"]
[EventDate "2024.10.12"]
[EventType "k.o."]
[EventCountry "ENG"]
[SourceTitle "playchess.com"]
[Source "ChessBase"]
[SourceQuality "1"]

{[%evp 9,51,6,23,8,5,0,1,0,42,47,43,34,33,38,56,11,68,50,131,119,272,239,313,223,222,211,224,231,235,230,348,330,333,290,320,301,1222,1230,1997,1893,3692,2994,29981,2327]} 1. e4 e5 2. Nf3 {[%cal Bg1f3,Bf3d4,Bd4e2,Be2f4][%mdl 32]} Nc6 3. d4 exd4 4. Nxd4 Qf6 5. Ne2 Bc5 6. Nf4 d6 7. Nc3 Nge7 8. Be2 {The position is equal.} Bb4 9. O-O Bxc3 10. bxc3 {[%cal Bb2c3,Bc3c4,Bc4d5][%mdl 32]} O-O 11. Rb1 Qe5 12. Bd3 {[%cal Of4d5]} a6 (12... Qxc3 $11 13. Nh5 Ne5) 13. c4 {Nd5 is the strong threat.} f5 (13... Qa5 $14) 14. exf5 $16 Qf6 $2 {Loses the game.} (14... Bxf5 $16 {was necessary.} 15. Re1 (15. Rxb7 Bxd3 16. Nxd3 Qa5 $16) 15... Qc5 16. Rxb7 Ne5 17. Bxf5 Rxf5) 15. g4 {[%cal Bg2g4,Bg4g5][%mdl 32]} g6 16. Nd5 Nxd5 17. cxd5 Ne5 18. f4 Nxd3 19. Qxd3 {And now Bb2 would win.} (19. cxd3 Qd4+ 20. Rf2 Qxd5 $11) 19... gxf5 (19... Qh4 {was called for.}) 20. g5 Qg6 21. Bb2 {Strongly threatening Qc3. Black is weak on the dark squares} Bd7 22. Qc3 {[%cal Of1f3] Black must now prevent Rf3!} c5 $2 (22... Rae8 23. Rf3 (23. Qxc7 Bb5 $16) 23... h5) 23. Rf3 $18 {[%cal Bf1f3,Bf3h3,Bh3h5][%mdl 32] aiming for Rh3.} h5 24. Rh3 {[%cal Oh3h5] White wants to mate with Rxh5!} Kf7 {[#]} 25. Rxh5 $3 {[%mdl 512] Intending Rh6 and mate.} Rg8 {[#]} (25... b6 26. Rh6) 26. Kf2 $1 {Weighted Error Value: White=0.15 (very precise) /Black=0.72.  Mistake:       	---       	Black=5      Inaccurate:     	White=1     	Black=3      OK:         	White=7     	Black=8      Best:        	White=1     	---} 1-0

[Event "WR Chess Masters Cup 2024"]
[Site "London"]
[Date "2024.10.15"]
[Round "2.3"]
[White "Vachier-Lagrave, Maxime"]
[Black "Abdusattorov, Nodirbek"]
[Result "1-0"]
[WhiteElo "2735"]
[BlackElo "2783"]
[Annotator "TA"]
[PlyCount "93"]
[EventDate "2024.10.12"]
[EventType "k.o."]
[EventCountry "ENG"]
[SourceTitle "playchess.com"]
[Source "ChessBase"]
[SourceQuality "1"]

{[%evp 15,93,35,42,24,27,-8,29,22,53,-10,24,17,24,27,25,19,29,29,25,16,61,54,54,55,75,74,81,82,105,95,91,57,57,52,132,83,100,71,91,87,101,96,88,66,89,29,34,41,37,45,28,28,78,71,149,145,164,40,45,58,369,320,703,426,1237,1166,1197,999,1953,1790,4104,3306,4293,3462,7737,6304,29993,29994,29995,29995]} 1. e4 e5 2. Nf3 Nc6 3. Bb5 a6 4. Ba4 Nf6 5. O-O d6 6. Re1 Bd7 7. c3 g6 8. d4 Bg7 9. Nbd2 O-O 10. Nf1 Qe8 {[%cal Oc6d4]} 11. Bc2 {Weiß hat minimalen Vorteil.} Bg4 12. Ng3 ({Vorzuziehen ist} 12. d5 $14 Ne7 13. h3) 12... Nh5 13. d5 Ne7 14. h3 Bxf3 15. Qxf3 Nxg3 16. fxg3 {[%cal Bf2g3,Bg3g4,Bg4g5][%mdl 32]} f5 17. g4 fxe4 18. Qxe4 Kh8 {Schwarz ist schwach auf den weissen Feldern} 19. Be3 c6 20. Bb3 c5 21. a4 {[%cal Ba2a4,Ba4a5][%mdl 32]} Ng8 {[#]} 22. g5 $1 Ne7 23. a5 Nf5 24. Bd2 Qe7 {[#]} (24... Qf7 $14) 25. Kh2 (25. g4 $142 $1 {[%cal Rg4f5]}) 25... Rf7 $16 26. Bc4 Raf8 27. Rf1 Qd8 28. Rf3 Ne7 29. Be2 {Weiß hat aktiveres Spiel.} Rf5 30. b4 (30. h4 $16) 30... cxb4 $11 31. cxb4 Rxf3 32. Bxf3 Nf5 33. Rc1 {[%cal Ba1c1,Bc1c7,Bc7b7,Bb7b8][%mdl 32]} Qd7 (33... Nd4 $11) 34. Bg4 $16 Qb5 (34... Qe8 $142) 35. Rc7 Nd4 {Wehrt Be2 ab} 36. Bc3 (36. h4 $18) 36... Qf1 $1 $14 37. Rxb7 $40 {[%mdl 128] Weiss hat einigen Angriff.} Rf4 $2 {[%mdl 8192] Danach kann Schwarz die Partie nicht mehr halten.} (37... h5 $1 $14 38. gxh6 (38. Qxg6 Qf4+ 39. Kh1 Qf1+ 40. Kh2 Qf4+ 41. Kh1 Qf1+ 42. Kh2 $11) 38... Bxh6 39. Bxd4 (39. Qxg6 $2 Bf4+ 40. g3 Bxg3+ 41. Kxg3 Qf2#) 39... exd4 40. Qxd4+ Rf6) 38. Rb8+ Bf8 $2 (38... Rf8 39. Rxf8+ Qxf8) 39. Qe1 Qd3 {[#]} (39... Qxe1 $142 40. Bxe1 Kg7) 40. b5 $1 $18 {[%cal Bb4b5,Bb5a6,Ba6a7][%mdl 544]} h5 41. gxh6 {Zielt auf bxa6 ab.} Kh7 {[%cal Bh8h7,Bh7g8,Bg8g7][%mdl 32]} 42. bxa6 {Droht a7 und aus.} Bxh6 43. Rb7+ Kg8 44. a7 {jetzt Bxd4 und aus.} Rf8 45. Rb8 Nc2 46. Be6+ Kg7 {[#]} 47. Bxe5+ $1 {Gewichteter Fehlerwert: Weiß=0.30/Schwarz=0.44.  Verlustzug:     	---       	Schwarz=1     Fehler:       	Weiß=4     	Schwarz=5     Ungenau:       	Weiß=3     	Schwarz=4     OK:         	Weiß=7     	Schwarz=12    Bester:       	---       	Schwarz=1     Stark:        	Weiß=1     	Schwarz=1} 1-0